LIBRARY ONLINE CATALOGUE

Jesus : (Record no. 7695)

MARC details
000 -LEADER
fixed length control field 00548nam a22001932 4500
001 - CONTROL NUMBER
control field 0000008695
005 - DATE AND TIME OF LATEST TRANSACTION
control field 20151217152039.0
008 - FIXED-LENGTH DATA ELEMENTS--GENERAL INFORMATION
fixed length control field 080514s xx 000 0 eng d
020 ## - INTERNATIONAL STANDARD BOOK NUMBER
International Standard Book Number 0877849323 :
Terms of availability KES 700
040 ## - CATALOGING SOURCE
Original cataloging agency KABU
Transcribing agency KABU
100 1# - MAIN ENTRY--PERSONAL NAME
Personal name Bruce, F. F.
-- 0000157914
245 10 - TITLE STATEMENT
Title Jesus :
Remainder of title Lord & savior /
Statement of responsibility, etc. F. F. Bruce.
260 ## - PUBLICATION, DISTRIBUTION, ETC. (IMPRINT)
Place of publication, distribution, etc. Downers Grove. :
Name of publisher, distributor, etc. IVP,
Date of publication, distribution, etc. 1986.
300 ## - PHYSICAL DESCRIPTION
Extent 228 p.
650 #0 - SUBJECT ADDED ENTRY--TOPICAL TERM
Topical term or geographic name as entry element Jesus Christ
General subdivision Person and offices.
-- 0000159087
908 ## - PUT COMMAND PARAMETER (RLIN)
Put command parameter 080514
950 ## - LOCAL HOLDINGS (RLIN)
-- 1
Holdings
Withdrawn status Lost status Source of classification or shelving scheme Not for loan Home library Current library Date acquired Total Checkouts Full call number Barcode Date last seen Price effective from Koha item type
    Library of Congress Classification   Kabarak, Main Campus Kabarak, Main Campus 17/12/2015   BT202 .B78 009003 02/08/2024 17/12/2015 General Collection